| Tag |
First Indicator |
Second Indicator |
Subfields |
| LEADER |
00000pam a2200000 a 4500 |
| 001 |
in00000090708 |
| 005 |
20150923130922.0 |
| 008 |
810427s1982 nyuab b 00110 eng |
| 010 |
|
|
|a 81007466
|
| 020 |
|
|
|a 0471858803
|
| 035 |
|
|
|a (OCoLC)07554616
|
| 035 |
|
|
|9 AAK6547AM
|
| 039 |
0 |
|
|a 2
|b 3
|c 3
|d 3
|e 3
|
| 040 |
|
|
|a DLC
|c DLC
|d TXA
|d UtOrBLW
|
| 049 |
|
|
|a TXAM
|c [1117060]
|
| 050 |
0 |
0 |
|a QK47
|b L37
|
| 082 |
0 |
|
|a 581.6/1
|2 19
|
| 100 |
1 |
|
|a Langenheim, Jean H.
|
| 245 |
1 |
0 |
|a Botany :
|b plant biology and its relation to human affairs /
|c Jean H. Langenheim, Kenneth V. Thimann.
|
| 264 |
|
1 |
|a New York :
|b Wiley,
|c [1982]
|
| 264 |
|
4 |
|c ©1982
|
| 300 |
|
|
|a xi, 624 pages :
|b illustrations, maps ;
|c 25 cm.
|
| 336 |
|
|
|a text
|b txt
|2 rdacontent
|
| 337 |
|
|
|a unmediated
|b n
|2 rdamedia
|
| 338 |
|
|
|a volume
|b nc
|2 rdacarrier
|
| 504 |
|
|
|a Includes bibliographical references and indexes.
|
| 650 |
|
0 |
|a Botany.
|
| 650 |
|
0 |
|a Botany, Economic.
|
| 700 |
1 |
|
|a Thimann, Kenneth Vivian,
|d 1904-1997.
|
| 999 |
|
|
|a MARS
|
| 999 |
f |
f |
|s 5b085a3d-f5a7-35b1-b0a5-fc56d3be4c9b
|i 3857c686-c272-3a03-a7c4-bd3d02acf332
|t 0
|
| 952 |
f |
f |
|p normal
|a Texas A&M University
|b College Station
|c Sterling C. Evans Library
|d Evans: Library Stacks
|t 0
|e QK47 L37
|h Library of Congress classification
|i unmediated -- volume
|m A14806000657
|
| 998 |
f |
f |
|a QK47 L37
|t 0
|l Evans: Library Stacks
|